000 00460nam a2200169 i 4500
001 34423
003 ES-MaACL
005 20230906154930.0
007 t|
008 030207s1967 sp ||||1| cat d
100 1 _aBonet, Blai.
_930112
245 1 2 _aL'Evangeli segons un de tants /
_cBlai Bonet.
260 _a[Barcelona] :
_bProa,
_c1967.
300 _a99 p. :
_bil. ;
_c18 cm.
500 _aPremi Carles Riba 1962.
852 _aES-MaACL
_jC-33889
_bR.64734
999 _c34423
_d34423